| 000 | 00559nam a2200181Ia 4500 | ||
|---|---|---|---|
| 008 | 090124s9999 xx 000 0 und d | ||
| 082 | _b32036 | ||
| 100 | _aनिसऴ डॉ. सौ. शांता | ||
| 245 | _a सुरभी | ||
| 250 | _a1 | ||
| 260 |
_b"अनिरुद्ध प्रकाशन, पुणे-30" _c1994 |
||
| 300 | _a159 | ||
| 600 | _aनिसऴ डॉ. सौ. शांता | ||
| 630 | _a सुरभी | ||
| 700 | _aनिसऴ डॉ. सौ. शांता | ||
| 730 | _a सुरभी | ||
| 942 | _cBOOK | ||
| 999 |
_c97861 _d97861 |
||